000
00276nam a22000977a 4500
999
_c
11779
_d
11779
008
200215b ||||| |||| 00| 0 eng d
020
_a
9780590468961
100
_a
Viorst Judith
_9
7463
245
_a
Alexander, Who Used to be Rich Last Sunday
260
_a
New York
_b
Scholastic
_c
1993